| 000 | 00415nam a2200181Ia 4500 | ||
|---|---|---|---|
| 003 | OSt | ||
| 005 | 20230620113237.0 | ||
| 008 | 230519s9999 xx 000 0 und d | ||
| 040 | _c0 | ||
| 041 | _aMarathi | ||
| 082 | _aX/891/JOS/DB0051 | ||
| 100 |
_aJoshi Malatitai _9180221 |
||
| 245 | _aKarnabadhiranchya Bhawavishwat | ||
| 260 | _aPune | ||
| 300 | _a134p | ||
| 942 |
_2ddc _cDB |
||
| 999 |
_c158878 _d158878 |
||